000 00617nam a2200205Ia 4500
005 20250508165932.0
008 008 250505s9999 xx 000 0 eng d
020 _a978-93-81398-47-0
037 _aTextual
040 _aFEDL
_beng
_cFEDL
041 _aeng
_2eng
084 _a612.8, BLO
_qFEDL
100 _aBloom Floyd E Ed.
245 0 _aBest of the brain: From scientific American
260 _aNew York, USA
_bDana Press
_c2007
300 _a270p.
546 _aGifted by H.O.D. Namita Ranganathan in memory of Prof. Arvind Gaysu
942 _cTEXL
_h612.8, BLO
999 _c1398283
_d1398283